00682nam a2200229Ia 4500001000600000003000900006008004100015040001300056040001300069041001300082100001800095100002900113245006500142245003800207250001100245260001200256260001300268260004900281300005900330650003200389650003100421 2509IT-RoPAU130308s9999 xx 000 0 und d aIT-RoPAU cIT-RoPAU aITALIANO aZagarrio Vito gCodice Aut. SPICS: 3415 aModello sovietico (Il)-Tra piano culturale e piano economico bCinema Italiano sotto Il Fascismo a1a ed. aVENEZIA bMarsilio c1979 [1° Ed.:1979 - Ed.Ling.Originale:1979] a"16 p. (prefazione: no ; testo: 16 [pagine: 185-200])" aSTORIA NAZIONALE DEL CINEMA eCodice materia Spics: 6809